000 00649nam a2200181 4500
999 _c17707
_d17707
008 221212b ||||| |||| 00| 0 eng d
020 _a9781264479344
082 _22022
_aDC 155
_bM367
100 _aMartorell, Gabriela,
_947005
245 _aLife :
_bthe essentials of human development /
_cGabriela Martorell.
250 _aSecond edition.
260 _aNew York :
_bMcGraw Hill,
_c©2022.
300 _axxvii, 484 pages :
_bcolor illustrations ;
_c27 cm.
500 _aIncludes glossary, bibliographical references and indexes.
650 _aDevelopmental psychology.
_947006
650 _aDevelopmental psychobiology.
_947007
942 _2ddc
_cDC